Statistics for 30 Most Populous Countries

Click here to take the quiz!

General Stats

  • This quiz has been taken 33 times
  • The average score is 23 of 30

Answer Stats

PopulationCountry% Correct
214,3MBrazil
96%
1,412BChina
96%
1,408Bİndia
93%
331,9MUsa
93%
67,75MFrance
89%
83,2MGermany
89%
143,4MRussia
89%
67,33MUk
89%
273,8Mİndonesia
85%
126,7MMexico
85%
213,4MNigeria
85%
47,42MSpain
85%
109,3MEgypt
81%
125,7MJapan
81%
59,39MSouth africa
81%
87,92Mİran
78%
113,9MPhilippines
78%
231,4MPakistan
74%
59,11Mİtaly
70%
97,47MVietnam
70%
51,74MSouth korea
67%
84,78MTurkey
67%
169,4MBangladesh
63%
95,89MD.R. Congo
63%
71,6MThailand
63%
51,52MColombia
59%
120,3MEthiopia
59%
63,59MTanzania
59%
53,01MKenya
56%
53,8MMyanmar
44%

Score Distribution

Percentile by Number Answered

Percent of People with Each Score

Your Score History

You have not taken this quiz